| 000 | 00461nam a2200157Ia 4500 | ||
|---|---|---|---|
| 999 |
_c18630 _d18630 |
||
| 003 | OSt | ||
| 005 | 20200609100305.0 | ||
| 008 | 190216s9999||||xx |||||||||||||| ||und|| | ||
| 040 | _coclc | ||
| 082 |
_a320.5 _bWAR/F |
||
| 100 |
_aWard, Barbara _92653 |
||
| 245 | 0 |
_aFive Ideas That Change The World / _cBarbara Ward |
|
| 260 |
_bThe World Press Pvt Ltd, _aLondon: _c1965. |
||
| 300 | _a142p | ||
| 942 |
_cBK _2ddc _h320.5 _iWAR/F _k320.5 _mWAR/F |
||